Datum a čas kvízu
24
Celkem bodů
Celkový počet nahraných bodů na tomto kvízu bez doplňovacích otázek.
5.
Pořadí na kvízu
Konečné umístění týmu na tomto kvízu.
Zaznamenané odpovědi
| # | Otázka | Odpověď | Body | Výsledky |
|---|---|---|---|---|
| 1. | Na sedmém kilometru dálnice D1... | tramvaj | 0 | |
| 2. | Kuriózní nehoda se stala na le... | Do letounu narazila nezabržděná dodávka. | 0 | |
| 3. | Který známý umělec si vzal v n... | Rytmus / Patrik Vrbovský | 1 | |
| 4. | Čínská společnost Xiaomi přišl... | v automatu | 0 | |
| 5. | Nejslabším týmem letošního hok... | Radko Gudas | 0 | |
| 6. | Kolik mandátů připadá v Evrops... | 21 mandátů (Uznáváme tedy 20 až 22.) | 0 | |
| 7. | Z výsledků voleb vzejde i nový... | Jan Zahradil | 1 | |
| 8. | Přiřaďte lídry kandidátek k je... | 1C 2D 3B 4A | 0 | |
| 9. | V některých evropských státech... | D | 0 | |
| 10. | Jedenatřicetiletý kandidát nov... | Tinder | 0 |